Собрание сочинений: В 4-х т. Пер. с венг.; Т. 1. Стихотворения 1842-1846

Podrobná bibliografie
Hlavní autor: Петефи Ш. Шандор
Další autoři: Гидаш А. (автор предисловия), Краснова А. (составитель)
Jazyk:ruština
Vydáno: Москва, Государственное издательство художественной литературы, 1952
Témata:
Médium: Kniha
KOHA link:https://koha.lib.tpu.ru/cgi-bin/koha/opac-detail.pl?biblionumber=128958

MARC

LEADER 00000nam0a2200000 4500
001 128958
005 20240814164021.0
035 |a (RuTPU)RU\TPU\book\139553 
090 |a 128958 
100 |a 20080117d1952 m y0rusy50 ca 
101 1 |a rus  |c hun 
102 |a RU 
105 |a a z 000ay 
200 1 |a Собрание сочинений   |e В 4-х т. Пер. с венг.  |h Т. 1. Стихотворения 1842-1846  |f Ш. Петефи  |g авт. предисл. А. Гидаш ; сост. А. Краснова 
210 |a Москва  |c Государственное издательство художественной литературы  |d 1952 
215 |a 511 с.  |c ил. 
606 1 |a Венгерская литература  |9 30736 
610 1 |a художественная литература 
610 1 |a поэзия 
610 1 |a стихотворения 
675 |a 894.511  |v 3 
700 1 |a Петефи  |b Ш.  |c настоящие имя и фамилия Александр Пе́трович  |c национальный поэт Венгрии  |c революционный демократ, один из руководителей Революции 1848-1849 в Венгрии  |f 1823-1849  |g Шандор  |9 199 
702 1 |a Гидаш  |b А.  |4 080 
702 1 |a Краснова  |b А.  |4 220 
801 1 |a RU  |b 63413507  |c 20080117  |g PSBO 
801 2 |a RU  |b 63413507  |c 20201120  |g PSBO 
942 |c BK